000 00747nam a22002537a 4500
001 8052
003 FISKH
005 20250819161614.0
008 250819b cb ||||| |||| 00| 0 eng d
040 _aFISKH
_beng
_cFISKH
_dFISKH
050 _aPZ7.M196 P
082 _a813
100 _aMacKellar, William
245 _aA place by the fire /
_cby William MacKellar : Illustrated by W.T.Mars
260 _aChicago :
_bScience Research Asspcoates ,Inc. ,
_c1966.
300 _a32 pages :
_billustrations ;
_c20 cm .
505 _aK
521 8 _a510
_bLexile estimate
521 8 _aK
_bRaz-Plus
650 _aFamily Room
_vChildren's literature
700 _aMars, W.T.
_eIllustrator
942 _2ddc
_cBK
_n0
999 _c8052
_d8052